01069agaaa2200253 45000010005000000030009000050050017000140070009000310080040000400400023000801000053001031300019001562450107001752500022002822600125003043000022004295080064004515110076005155200026005915380016006176500061006337000065006947000056007597337IT-RoPAU20220918181239.0d cvaizq50131s9999||||xx ||| | || ||und|| aIT-RoPAUcIT-RoPAU aBaryshnikov MikhailgCodice regista SPICS: 13348 aDON CHISCIOTTE aDON CHISCIOTTEcDiretto da: Baryshnikov MikhailpDON CHISCIOTTE (Rif. Codice opera principale : 37337) aEdizione Standard aROMA (STATI UNITI)bRAI - RADIO TELEVISIONE ITALIANA / Distribuzione: RAIg"1985 (1° ed.: 1985 ; Ed. Lingua Orig.: nd)" aVHSbsonoro, col. a"Musica: Minkus Ludwig; Coreografia: Baryshnikov Mikhail; " a"Baryshnikov Mikhail; Harvey Cynthia; Schafer Richard; Bissell Patrick" aAMERICAN BALLET DANCE aPAL, STEREO aDANZAeTV-TEATRO/DANZA [VHS]xCodice MATERIA SPICS: 9961 aBaryshnikov Mikhail e(regista)gCodice regista SPICS: 13348 aMinkus Ludwige(musica)gCodice Musica SPICS: 13349